=LDR 00000nam 2200000 4500 =001 INLIS000000000047816 =005 20160217111018.0 =006 =007 =008 =020 ##$$a 978-979-518-460-7 =035 ##$$0010-021600000000204 =040 ##$$a NPBDMAT =082 ##$$a 541 =090 ##$$a 541 $b Suk k =100 ##$$a Sukarjo =245 ##$$a Kimia Fisika/ Sukarjo .-- cet.4.-- =260 ##$$a Jakarta :$b Rineka Cipta, $c 2013 =300 ##$$a xi, 528 hlm : $b ilus $c 21 cm =500 ##$$a Bibliografi : hlm. 528 =650 ##$$a Kima Fisika